Právo v investiční výstavbě 1982/2 informační listy o právních předpisech

Saved in:
Bibliographic Details
Format: Book
Language:Czech
Published: Praha Československé středisko výstavby a architektury 1982
Tags: Add Tag
No Tags, Be the first to tag this record!

MARC

LEADER 00000nam a2200000 4500
001 c137906
005 20041019155311.4
041 0 |a cze 
044 |a CZ 
245 1 0 |a Právo v investiční výstavbě 1982/2  |b informační listy o právních předpisech 
264 1 |a Praha  |b Československé středisko výstavby a architektury  |c 1982 
300 |a Prer. s.